| 000 | 00705cam a2200217 4500 | ||
|---|---|---|---|
| 001 | WB3616-52 | ||
| 008 | 000000n2000 000 0 eng u | ||
| 035 | _a(Sirsi) u105494 | ||
| 245 | _aManagement menace | ||
| 260 | _c2000 | ||
| 490 |
_aGuardian _v 15 April 2000, 18(1) |
||
| 520 | _aLeaseholders call for protection from unscrupulous managing agents, in response to government plans to introduce commonhold and a 'no fault' right to manage for leaseholders. | ||
| 590 | _aWB | ||
| 650 | _aLEASEHOLD PROPERTIES | ||
| 650 | _aLEASEHOLD REFORM | ||
| 650 | _aLEASEHOLD LAW | ||
| 650 | _aCOMMONHOLD | ||
| 650 | _aMANAGING AGENTS | ||
| 690 | _aLANDLORD AND TENANT-LEASEHOLD REFORM | ||
| 942 | _n0 | ||
| 999 |
_c63207 _d63207 |
||